00830nam a2200265 i 4500001000300000003000400003005001700007008003900024015001600063020001500079040001400094041000800108080001200116080001200128245008400140250001500224260005500239300003300294504003400327655001300361650002000374710004100394700003100435856009800466bgBPK20200507113014.0030102s2002 pl a f f |001 0 pol aPB 2003/512 a8320426103 aWA NcBPK0 apol a621.357 a(083.1)00aPoradnik galwanotechnika :bpraca zbiorowa /caut. Stanisław Bagdach [et al.]. aWyd. 3 zm. aWarszawa :bWydawnictwa Naukowo-Techniczne,c2002. a798, [2] s. :bil. ;c25 cm. aBibliogr. przy rozdz. Indeks. 4aPoradnik 4aGalwanotechnika2 aWydawnictwa Naukowo-Techniczne4pbl.1 aBagdach, StanisławeAutor uhttp://koha.tu.koszalin.pl/cgi-bin/koha/opac-detail.pl?biblionumber=41949yKatalog online BPK